000
00261nam a2200109Ia 4500
999
_c
9766
_d
9766
008
220112s9999||||xx |||||||||||||| ||und||
020
_a
9789812457639
082
_a
720
_b
QIA
100
_a
Qiaoxin Ye; Yuyan Zhang
245
0
_a
30 novelty architecture
942
_2
ddc